000
00337nam a2200133Ia 4500
008
150301s2015 xx 000 0 und d
082
_a
615.7
_b
B10G
100
_a
GIBALDI, MILO
245
_a
BIOPHARMACEUTICS AND CLINICAL PHARMACOKICETICS
260
_b
PHARMA MED PRESS
300
_a
406
650
_a
PHARMACEUTICS
942
_2
ddc
_c
BK
_0
1
999
_c
7290
_d
7290